000 00393 a2200133 4500
001 87832
082 _aPR 209
090 _c41294
_d41294
100 _aAhsan Abdul Sattar, Plt Off 16061
245 _aRadar cross section evaluation of scaled down electromagnetic model of JF-17
260 _aRisalpur
_bNUST Risalpur
_c2012
300 _axi, 55p.
_eAbid Ali Khan
500 _aBE Project Reports
942 _aCAE NUST
_kPR 209
999 _c322905
_d322905